JCT: Design and build sub-contract guide 2016 (Record no. 122025)
[ view plain ]
| 000 -LEADER | |
|---|---|
| fixed length control field | 00790nam a22002655i 4500 |
| 005 - DATE AND TIME OF LATEST TRANSACTION | |
| control field | 20241002162719.0 |
| 008 - FIXED-LENGTH DATA ELEMENTS--GENERAL INFORMATION | |
| fixed length control field | 241002s2016 enk 000 0 eng |
| 020 ## - INTERNATIONAL STANDARD BOOK NUMBER | |
| ISBN | 9780414054653 |
| Qualifying information | paperback |
| 038 ## - RECORD CONTENT LICENSOR | |
| Record content licensor | Uk |
| 040 ## - CATALOGING SOURCE | |
| Original cataloging agency | Uk |
| 041 ## - LANGUAGE CODE | |
| Language code of text/sound track or separate title | eng |
| 110 ## - MAIN ENTRY--CORPORATE NAME | |
| Corporate author | Joint Contracts Tribunal |
| 245 00 - TITLE STATEMENT | |
| Title | JCT: Design and build sub-contract guide 2016 |
| Subtitle | DBSub/G 2016 |
| 246 3# - VARIANT TITLE | |
| Title | DBSub/G 2016 |
| 264 #1 - PRODUCTION, PUBLICATION, DISTRIBUTION, MANUFACTURE, AND COPYRIGHT NOTICE | |
| Place of production, publication, distribution, manufacture | London : |
| Name of producer, publisher, distributor, manufacturer | Thomson Reuters (Professional) UK Limited, |
| Date of production, publication, distribution, manufacture, or copyright notice | 2016. |
| 264 #4 - PRODUCTION, PUBLICATION, DISTRIBUTION, MANUFACTURE, AND COPYRIGHT NOTICE | |
| Date of production, publication, distribution, manufacture, or copyright notice | ©2016 |
| 300 ## - PHYSICAL DESCRIPTION | |
| Physical description | ii, 29 pages ; |
| Dimensions | 30 cm |
| 490 ## - SERIES TITLE | |
| Series statement | JCT Contracts 2016 |
| 650 #0 - KEYWORDS | |
| Keywords | Construction contracts |
| 651 ## - SUBJECT ADDED ENTRY--GEOGRAPHIC NAME | |
| Geographic name | United Kingdom |
| 690 ## - BROAD SUBJECT | |
| 9 (RLIN) | 6230 |
| Broad subject | Construction management |
| 710 2# - ADDED CORPORATE NAME | |
| Added corporate author | Joint Contracts Tribunal, |
| Relator term | author. |
| 942 ## - ADDED ENTRY ELEMENTS (KOHA) | |
| Suppress in OPAC | Do not suppress in OPAC |
| Lost status | Damaged status | Not for loan | Home library | Current library | Shelving location | Date acquired | Total Checkouts | Full call number | Date last seen | Price effective from | Koha item type |
|---|---|---|---|---|---|---|---|---|---|---|---|
| London | London | Boxed set | 02/10/2024 | JCT CONTRACTS | 02/10/2024 | 02/10/2024 | Book |